Fisiología médica (Registro nro. 3996)
[ vista simple ]
| 000 -CABECERA | |
|---|---|
| campo de control de longitud fija | 00872nam a2200277 a 4500 |
| 001 - NÚMERO DE CONTROL | |
| campo de control | Rebiun08121305 |
| 003 - IDENTIFICADOR DEL NÚMERO DE CONTROL | |
| campo de control | AR-RoIUNI |
| 005 - FECHA Y HORA DE LA ÚLTIMA TRANSACCIÓN | |
| campo de control | 20241122062716.0 |
| 008 - DATOS DE LONGITUD FIJA--INFORMACIÓN GENERAL | |
| campo de control de longitud fija | 970410s1980 mx a r 1 spa d |
| 020 ## - NÚMERO INTERNACIONAL ESTÁNDAR DEL LIBRO | |
| Número Internacional Estándar del Libro | 9684261284 |
| 040 ## - FUENTE DE LA CATALOGACIÓN | |
| Centro catalogador/agencia de origen | UAM.M. |
| Centro/agencia modificador | UEX.FCIEN |
| Centro/agencia transcriptor | AR-RoIUNI |
| 080 ## - NÚMERO DE LA CLASIFICACIÓN DECIMAL UNIVERSAL | |
| Número de la Clasificación Decimal Universal | 612 GAN |
| 100 1# - ENTRADA PRINCIPAL--NOMBRE DE PERSONA | |
| Nombre de persona | Ganong, William F. |
| 9 (RLIN) | 168 |
| 245 10 - MENCIÓN DE TÍTULO | |
| Título | Fisiología médica |
| Mención de responsabilidad, etc. | William F. Ganong ; puesto al día según la 9 ed. [inglesa] por Armando Soto Rodríguez ; revisado por Héctor Brust-Carmona |
| 250 ## - MENCIÓN DE EDICIÓN | |
| Mención de edición | 7a. ed |
| 260 ## - PUBLICACIÓN, DISTRIBUCIÓN, ETC. (PIE DE IMPRENTA) | |
| Lugar de publicación, distribución, etc. | México : |
| Nombre del editor, distribuidor, etc. | El Manual Moderno, |
| Fecha de publicación, distribución, etc. | 1980 |
| 300 ## - DESCRIPCIÓN FÍSICA | |
| Extensión | 711 p. : |
| Otras características físicas | il. ; |
| Dimensiones | 25 cm |
| 650 10 - PUNTO DE ACCESO ADICIONAL DE MATERIA--TÉRMINO DE MATERIA | |
| Término de materia o nombre geográfico como elemento inicial | Medicina |
| 9 (RLIN) | 58 |
| 650 10 - PUNTO DE ACCESO ADICIONAL DE MATERIA--TÉRMINO DE MATERIA | |
| Término de materia o nombre geográfico como elemento inicial | Fisiología |
| 9 (RLIN) | 136 |
| 650 14 - PUNTO DE ACCESO ADICIONAL DE MATERIA--TÉRMINO DE MATERIA | |
| Término de materia o nombre geográfico como elemento inicial | Sistema Nervioso |
| 9 (RLIN) | 208 |
| 650 14 - PUNTO DE ACCESO ADICIONAL DE MATERIA--TÉRMINO DE MATERIA | |
| Término de materia o nombre geográfico como elemento inicial | Metabolismo |
| 650 10 - PUNTO DE ACCESO ADICIONAL DE MATERIA--TÉRMINO DE MATERIA | |
| Término de materia o nombre geográfico como elemento inicial | Aparato Respiratorio |
| 9 (RLIN) | 171 |
| 700 1# - PUNTO DE ACCESO ADICIONAL--NOMBRE DE PERSONA | |
| Nombre de persona | Brust-Carmona, Héctor |
| 700 1# - PUNTO DE ACCESO ADICIONAL--NOMBRE DE PERSONA | |
| Nombre de persona | Soto Rodríguez, Armando |
| 942 ## - ELEMENTOS DE PUNTO DE ACCESO ADICIONAL (KOHA) | |
| Fuente del sistema de clasificación o colocación | Clasificación Decimal Universal |
| Tipo de ítem Koha | Libros |
| Estado de retiro | Estado de pérdida | Fuente del sistema de clasificación o colocación | Estado dañado | Excepción de préstamo | Código de colección | Localización permanente | Ubicación/localización actual | Ubicación en estantería | Fecha de adquisición | Número de inventario | Total de préstamos | Signatura topográfica completa | Código de barras | Fecha visto por última vez | Precio válido a partir de | Tipo de ítem Koha |
|---|---|---|---|---|---|---|---|---|---|---|---|---|---|---|---|---|
| Clasificación Decimal Universal | General | BIBLIOTECA CENTRAL | BIBLIOTECA CENTRAL | BIBLIOTECA CENTRAL | 05/10/2018 | 4277 | 612 GAN | 4277c | 05/10/2018 | 05/10/2018 | Libros |

